000 00444nam a22001697a 4500
005 20180226115808.0
008 160430b xxu||||| |||| 00| 0 eng d
020 _a81297-0597-4
041 _aeng
082 _b1089
_a330.0285
100 _aMiranda, Mario J. and Fackler Paul L.
_94160
245 _aApplied Computional Behaviour
260 _aNew Delhi
_bPearson Education,
_c2004
300 _a509
650 _aManagement
_9241
942 _cBK
999 _c406
_d406